000 00910nam a2200289 i 4500
001 89072
003 ES-MaACL
005 20250827052657.0
007 t|
008 050127s2004 sp ||||1| spa d
020 _a84-95906-47-3
080 _a821.134.2-992"19"
080 _a913(470)
100 1 _aMartínez Laínez, Fernando.
_978174
_eaut
245 1 3 _aEl tren más largo :
_bde Moscú a Vladivostok en el Transiberiano /
_cFernando Martínez Laínez.
250 _a1ª ed.
260 _aSalamanca :
_bTémpora,
_c2004.
300 _a167 p. ;
_c23 cm.
490 1 _aGrandes letras en letras grandes
651 4 _aRusia-
_xDescripción
_99329
655 0 _aNarraciones de viajes
_9233914
830 0 _aGrandes letras en letras grandes
_9231875
852 _aES-MaACL
_jL-28709
_bR.135083
942 _2udc
_cMONOGRAFIA
_n0
999 _c89072
_d89072